000 00298nam a22001337a 4500
008 170221b xxu||||| |||| 00| 0 eng d
020 _a978003122755
041 _aeng
080 _25 ED
_a615
100 _a5
101 _aSHF
245 _aPHARAMACOLOGY AN INTRODUCTION
_cH.NAGLE
942 _2udc
_cBK
999 _c5925
_d5925